Normal view
MARC view
- Independent study
Entry Topical Term
001 - CONTROL NUMBER
- control field: 107340
003 - CONTROL NUMBER IDENTIFIER
- control field: NUST
005 - DATE AND TIME OF LATEST TRANSACTION
- control field: 20230123092849.0
008 - FIXED-LENGTH DATA ELEMENTS
- fixed length control field: 230123|| aca||aabn | a|a d
040 ## - CATALOGING SOURCE
- Original cataloging agency: NUST
- Transcribing agency: NUST
150 ## - HEADING--TOPICAL TERM
- Topical term or geographic name entry element: Independent study
670 ## - SOURCE DATA FOUND
- Source citation: Work cat.: (NUST)187079: Bell, Judith,, Doing your research project :, 1999.
